| 000 | 02479nam a22002535i 4500 | ||
|---|---|---|---|
| 001 | 156476 | ||
| 003 | ES-MaACL | ||
| 005 | 20230906210422.0 | ||
| 008 | 970116m17881792phl |||| | spa d | ||
| 040 |
_aCAM _bspa _cCAM |
||
| 100 | 0 |
_aJuan de la Concepción _c(O.A.R.) _9128386 |
|
| 245 | 1 | 0 |
_aHistoria general de Philipinas _b: conquistas espirituales y temporales de estos españoles dominios, establecimientos progresos y decadencias ... / _cpor el P. Fr. Juan de la Concepción, Recoleto Agustino Descalzo ... ; [Tomos I- XIV]. |
| 260 |
_aEn Man[ila] : _ben la Impr. del Seminar, Conciliar, y Real de S. Carlos, por Agustín de la Rosa y Balagtas, _c1788-1792. |
||
| 300 |
_a14 v. ([52], 434, [62] p., [3] en bl., [2] h. de lám pleg. ; [4], 502, [58] p., [2] h. de lám. pleg. ; [4], 439, [55] p., [1] h. de lám pleg. ; [4], 487, [63] p. ; [4], 478, [70] p. ; [4], 439, [73] p., [1] h. de lám pleg.; [4], 364, [50] p., [1] h. de lám pleg. ; [4], 391, [59] p. ; [4], 424, [64] p. [1] h. de lám pleg. ; [4], 410, [50] p. ; [4], 420, [48] p. ; [4], 419, [3], [36] p. ; [4], 464, [32] p. ; [4], 381, [31] p.) ; _c20 cm. |
||
| 510 | 3 | _aAguilar Piñal. Bib. S.XVIII|cv. 4, n. 5786 | |
| 596 | _aA partir del v. VI está impreso en Sampaloc, en el Covento de Nuestra Señora de Loreto por Baltasar Mariano. | ||
| 597 | _aSign.: [ ]², ¶4, 2¶², *-10*², A-Z4, 2A-2Z4, 3A-3H4, 3I²?¹, 1-94 ; [ ]²?¹, a-z4, 2a-2z4, 3a-3r4, *-6*4, 7*6?¹ ; A-Z4, 2A-2Z4, 3A-3H4, 3I6?¹, ¶-7¶4 ; A-Z4, 2A-2Z4, 3A-3O4, 3P6?¹, s-7s4, 8s4?¹ ; [ ]²?¹, A-Z4, 2A-2Z4, 3A-3O4, [ ]²?¹, A-Z4, 2A-2Z4, 3A-3I4, [ ]²?¹, ¶-8¶4, 9¶² ; §-9§4 ; [ ]²?¹, A-Z4, 2A-2Z4, §-5§4, 6§6?¹ ; [ ]²?¹, A-Z4, 2A-2Z4, 3A-3C4, §-6§4, 7§6?¹ ; [ ]²?¹, A-Z4, 2A-2Z4, 3A-3G4, §-7§4, 8§6?¹ ; [ ]²?¹, A-Z4, 2A-2Z4, 3A-3F4, §-5§4, 6§4?¹ ; [ ]²?¹, A-Z4, 2A-2Z4, 3A-3G4, §-5§4, 6§4?¹ ; [ ]²?¹, A-Z4, 2A-2Z4, 3A-3F4, 3G6?¹, §-4§4, 5§²?¹ ; [ ]²?¹, A-Z4, 2A-2Z4, 3A-3N4, 2§-4§4, 5§² ; [ ]²?¹, A-Z4, 2A-2Z4, 3A-3B4, §-4§4. | ||
| 597 | _aPort. con orla tip. | ||
| 599 | _aAl comienzo del texto del vol. I, cartela calcográfica alegórica: "C Bagay" | ||
| 599 | _aLas h. de láminas plegadas son mapas y planos calcográficos firmados por C. Bagay y Nicolás de la Cruz Bagay. | ||
| 651 | 4 |
_aFilipinas- _xHistoria- _y1521-1812. _98659 |
|
| 651 | 4 |
_aFilipinas- _xDescubrimientos y exploraciones- _xEspañoles. _9150281 |
|
| 852 |
_aES-MaACL _jR-877-90 _z-- Enc. perg. |
||
| 999 |
_c156476 _d156476 |
||